Expletive "It" and “Its” Vietnamese Equivalent Expressions "It" and “Its”

Salvato in:
Dettagli Bibliografici
Autore principale: Nguyễn Thị Ngọc Hạnh
Natura: Sconosciuto
Lingua:English
Pubblicazione: 2006
Soggetti:
Tags: Aggiungi Tag
Nessun Tag, puoi essere il primo ad aggiungerne! !
Thư viện lưu trữ: Mạng thư viện Đại học Đà Nẵng
LEADER 01146na a2200301 4500
001 000030862
003 4758
005 20151008000000.0
008 151001s2006 000 eng
082 |a 420.4  |b NG-H  |2 "It" and “Its” 
100 |a Nguyễn Thị Ngọc Hạnh 
245 |a Expletive "It" and “Its” Vietnamese Equivalent Expressions  |c Nguyễn Thị Ngọc Hạnh  |n "It" and “Its” 
260 |c 2006 
300 |a 94tr. : mh ; 30cm 
650 |a Expletive "It" and “Its” Vietnamese Equivalent Expressions, IT, IT'S 
852 |b Chuyên đề  |c Luận văn Thạc sĩ 1 
OWN |a LNN 
AVA |a UDN50  |b LNN  |c English  |d 420.4 NG-H  |e available  |t Error 5001 Not defined in file expand_doc_bib_avail.  |f 1  |g 0  |h N  |i 0  |j AN  |k 1 
999 |a From the UDN01 
AVA |a UDN50  |b LNN  |c English  |d 420.4 NG-H  |e available  |t Error 5001 Not defined in file expand_doc_bib_avail.  |f 1  |g 0  |h N  |i 0  |j AN  |k 1 
TYP |a Printed language 
980 |a Mạng thư viện Đại học Đà Nẵng